000
00265nam a2200109Ia 4500
008
200302s9999 xx 000 0 und d
100
_a
Pramod Kumar and Others
245
_a
Royal Rajasthon
260
_b
Roli Books in Arrangement
260
_c
2007
300
_a
192 P.,
999
_c
4048
_d
4048